| 000 | 00368nam a22001337a 4500 | ||
|---|---|---|---|
| 008 | 230620b xxu||||| |||| 00| 0 eng d | ||
| 020 | _a033343871X | ||
| 082 |
_a320 _bMOI |
||
| 100 | _cDaniel T. arap Moi | ||
| 245 |
_aKenya African Nationalism _bNyayo Philosophy and Principles |
||
| 260 |
_aLondon _bMacmillan Publishers Ltd _c1986 |
||
| 300 | _a192p | ||
| 942 |
_2ddc _cBK |
||
| 999 |
_c1442 _d1442 |
||